| 000 | 00914nam a2200277 a 4500 | ||
|---|---|---|---|
| 001 | 66244 | ||
| 003 | BD-RjUL | ||
| 005 | 20211209081521.0 | ||
| 008 | 170315s1980 nyuaf b 001 0 eng | ||
| 020 | _a0442251548 | ||
| 035 | _a(BD-RjUL)66374 | ||
| 040 |
_aDLC _cDLC _dDLC _dBD-RjUL _beng |
||
| 041 | _aeng | ||
| 082 | 0 | 0 |
_223 _a599.884 _bMAO 1980 |
| 100 | 1 |
_aMaple, Terry L. _9195005 |
|
| 245 | 1 | 0 |
_aOrang-utan behavior / _cTerry L. Maple. |
| 260 |
_aNew York : _bVan Nostrand Reinhold Co., _cc1980. |
||
| 300 |
_axii, 268 p. : _bill. (some col.) ; _c24 cm. |
||
| 500 | _aIncludes indexes. | ||
| 504 | _aBibliography: p. 249-259. | ||
| 650 | 0 |
_aOrangutans _xBehavior. _9196049 |
|
| 650 | 0 |
_aMammals _xBehavior. _9196050 |
|
| 830 |
_aVan Nostrand Reinhold primate behavior and development series. _9196051 |
||
| 942 |
_2ddc _cBK |
||
| 999 |
_c66244 _d66244 |
||